Cases in human resource management

Saved in:
Bibliographic Details
Other Authors: McGoldrick, Ann E. (Editor)
Format: Book
Language:English
Published: London : Pitman, c1996
Subjects:
Tags: Add Tag
No Tags, Be the first to tag this record!

MARC

LEADER 00000nam a2200000 i 4500
001 1/55640
008 980415s1996 eng d
020 |a 027361603X 
035 |l 10027885 
040 |a GR-MY-UA  |b gre  |e aacr 
041 0 |a eng 
082 0 |a 658.3 
245 1 0 |a Cases in human resource management /  |c edited by: Ann E. McGoldrick 
260 |a London :   |b Pitman,   |c c1996 
300 |a xiv, 290 p. 
504 |a Includes index 
650 0 0 |a Personnel management. 
700 1 |a McGoldrick, Ann E.  |4 edt 
852 |a INST  |b CHIOS  |e 19980415  |h 658.3 CAS  |p 005200009523  |q 005200009523  |t BK  |y 0 
901 |a BIBL-1998-1 
909 |a Χ  |b 054409 
922 |a 2ΕΛΗ  |b 199803  |c ΤΔΕ  |d ΠΑΠΑΣΩΤΗΡΙΟΥ